[Event "Stay Safe Play From Home 343"]
[Site "Emanuel Lasker Arena"]
[Date "2020.07.30"]
[Round "2"]
[White "Stefanone"]
[Black "AChessPlayer"]
[Result "0-1"]
[WhiteElo "2041"]
[BlackElo "2407"]
[Annotator "TA"]
[PlyCount "80"]
[EventDate "2020.07.30"]
[EventType "swiss (blitz)"]

{[%evp 11,80,-7,-4,0,-3,-8,0,-16,-18,-58,-47,-58,-21,-62,-53,-97,-52,-59,-45,-116,-120,-162,-170,-159,-156,-147,-145,-165,-155,-147,-154,-253,49,17,19,-8,-6,-14,-11,-152,53,-156,-131,-147,-140,-136,240,232,379,-1438,-22,-23,327,310,522,116,293,271,252,259,366,360,406,391,813,789,5406,5389,5318,1850,2056]} 1. d4 Nf6 2. e3 g6 3. f4 Bg7 4. Nf3 d5 5. Bd3 O-O 6. O-O b6 7. c3 {A03: Bird's Opening with 1...d5.} Bb7 8. Qe2 Nbd7 9. Nbd2 {The position is equal.} Ne4 {[#]} 10. Bxe4 $146 ({Predecessor:} 10. Kh1 Ndf6 11. Ne5 e6 12. g4 Ne8 13. Qg2 N8d6 14. Nxe4 dxe4 15. Be2 b5 16. g5 {0-1 (45) De Araujo,S (1949)-Amorim,G (2006) Teresina 2017}) 10... dxe4 11. Ne5 Nf6 12. g4 c5 13. g5 Nd5 14. Nxe4 f6 15. gxf6 ({White should try} 15. Nc4 $15) 15... exf6 $17 16. Nd3 Re8 17. Nef2 c4 18. Ne1 {[#]} Nxf4 $1 {[%cal Rf4e2][%mdl 576] Pin} 19. Qg4 (19. exf4 Rxe2) 19... Ne6 20. e4 {[#]} f5 $1 {[%cal Rf5g4][%mdl 512]} 21. exf5 (21. Qe2 $17) 21... Nf8 $2 (21... gxf5 $19 22. Qxf5 Bxd4 $1 {[%mdl 512]}) 22. Bg5 Qd5 23. Ng2 gxf5 24. Qg3 Ng6 25. h4 {[#]} (25. Rae1 $11) 25... h5 $2 ({Black should play} 25... f4 $1 $17 {[%cal Rf4g3][%mdl 512]} 26. Nxf4 Nxf4 27. Bxf4 Re6) 26. Nf4 $2 (26. Rae1 $14) 26... Nxf4 27. Bxf4 {[#]} Kh7 $1 28. Kh2 Re6 $2 {[%mdl 8192]} (28... Bf6 $17 {keeps the pressure on. And now ...Bxh4! would win.} 29. Rg1 Rg8) 29. Rg1 $40 {[%csl Gg1][%cal Rg3g7][%mdl 128] Black is in trouble.} Rg8 (29... Qd7 $142 30. Rae1 {[%mdl 64] Overworked Piece} (30. Qg5 Qf7 $15) 30... Rxe1 31. Qg6+ {[%mdl 64] Double Attack} (31. Rxe1 Re8 $11) 31... Kg8 32. Rxe1 Qc6) 30. Bg5 $4 {[%mdl 8192]} (30. Rae1 $18 Qc6 31. Qg5) 30... Rg6 $2 (30... Bf8 $19 31. Qc7+ Rg7 32. Qxg7+ Bxg7) 31. Nh3 $11 {Strongly threatening Nf4.} Bf6 $2 {[%mdl 8192]} (31... Bf8 $11) 32. Nf4 $18 {[%mdl 64] Double Attack} Qe4 $2 (32... Qf7 33. Nxg6 Rxg6) 33. Nxg6 $2 (33. Rae1 $18 Qf3 34. Nxg6 Rxg6 35. Qxf3 Bxf3 36. Bxf6 Rxf6 37. Re7+ Kh6 38. Rg5) 33... Rxg6 $2 (33... Qe2+ $16 {was worth a try.} 34. Rg2 (34. Kh3 Bf3 $11) 34... Bxg2) 34. Rae1 Qc2+ 35. Kh3 f4 (35... Be4 $142 36. Qh2 Qxh2+ 37. Kxh2 Bg7) 36. Qxf4 Bc8+ 37. Kg3 {Threatens to win with Qc7+.} Bxg5 $2 (37... Bb7 38. Re6 Bg7 39. Rxg6 Qd3+ 40. Kh2 Qe2+ 41. Kh3 Qd3+ 42. Qg3 Qxg6) 38. hxg5 {Intending Qf7+ and mate.White is clearly winning.} Qd3+ 39. Re3 Qf5 40. Re7+ Rg7 {[%mdl 32768] Accuracy: White = 43%, Black = 35%. . Loss on time!?} 0-1

[Event "Stay Safe Play From Home 343"]
[Site "Emanuel Lasker Arena"]
[Date "2020.07.30"]
[Round "2"]
[White "Oznog"]
[Black "NTBT_DHS"]
[Result "0-1"]
[WhiteElo "1755"]
[BlackElo "2583"]
[Annotator "TA"]
[PlyCount "78"]
[EventDate "2020.07.30"]
[EventType "swiss (blitz)"]

{[%evp 16,77,48,44,53,-3,0,-6,-9,-41,-42,-35,0,0,0,-125,-119,-131,-70,-575,-108,-132,-124,-143,-93,-184,-47,-62,24,13,583,604,472,54,50,11,14,0,25,18,7,0,0,-184,1805,1787,1647,0,0,-926,-914,-29984,-29985,-29985,-29986,-29996,-29995,-29995,-29996,-29997,-29997,-29997,-29998,-29999]} 1. d4 Nf6 2. c4 g6 3. Nc3 Bg7 4. e4 O-O 5. Nge2 d6 6. Ng3 c5 7. d5 e6 8. Be2 exd5 9. cxd5 Nbd7 {A65: Modern Benoni: 6 e4.} 10. h4 (10. a4 $14) 10... h5 $11 11. Bg5 a6 {[#] The position is equal.} 12. Bxh5 $146 ({Predecessor:} 12. Qd2 b5 13. Bxh5 gxh5 14. Nxh5 Bh8 15. Rh3 b4 16. Ne2 Nxe4 17. Qc2 Nxg5 18. hxg5 {0-1 (30) Pal,P (2225)-Seelinger,L (2270) Slovakia 1998}) 12... gxh5 13. Nxh5 Qb6 {[#] aiming for ...Nxh5.} 14. Nxg7 Kxg7 ({Avoid the trap} 14... Qxb2 $2 15. Rh3 $18) 15. h5 (15. Qe2 $11 {remains equal.}) 15... Qxb2 $17 16. Rc1 Re8 (16... Rg8 $17 17. Qf3 Nh7) 17. f3 $2 {[%mdl 8192]} ({White should play} 17. O-O $15) 17... Nh7 $2 (17... Qxg2 $19 {has better winning chances.} 18. Bxf6+ Kxf6) 18. h6+ Kg8 19. Bd2 Ne5 20. O-O (20. Rb1 $17 {might work better.} Qa3 21. Kf1) 20... Nc4 (20... Qb6 $19 21. Qe1 Kh8) 21. Bf4 $1 $15 Bd7 (21... Rd8 $15) 22. Qe1 $1 $11 {Black must now prevent Rb1.} b5 $2 {[%mdl 8192]} (22... Kh8 $1 $11 {and Black has nothing to worry.}) 23. Qg3+ $18 Kf8 {intending ...Ke7.} 24. Bxd6+ $2 ({White should try} 24. Rf2 $18 Qb4 25. Qg7+ Ke7 26. Qxh7) 24... Nxd6 $14 25. Qxd6+ Re7 26. Qxc5 Rc8 27. Qd4 {[%cal Rd4h8]} f6 {And now ...b4 would win.} 28. d6 Re5 29. f4 $2 (29. Qe3 $11 {and White stays safe.} Rec5 30. Ne2 Rxc1 31. Rxc1 Rxc1+ 32. Nxc1) 29... Rc4 $4 {[%mdl 8192]} (29... Rec5 $19 30. e5 Rxc3) 30. Qa7 $18 {[%mdl 64] Double Attack} Rxc3 31. fxe5 $2 (31. Rxc3 $18 Qxc3 32. fxe5 (32. Qxd7 Qd4+ 33. Rf2 Qd1+ 34. Rf1 Qd4+ 35. Kh2 Rh5+ {[%mdl 64] Double Attack} 36. Kg3 Rxh6 $11) 32... Qxe5 33. Qxd7 Qc5+ 34. Kh2 Qh5+ 35. Kg3 Qg5+ 36. Qg4 Qxg4+ 37. Kxg4) 31... Rxc1 $40 {[%mdl 128] Black attacks.} 32. Qb8+ $2 {[%mdl 8192] [#]} (32. Qxd7 $11 Qd4+ {[%mdl 64] Double Attack} 33. Kh2 Qxe5+ 34. Kg1 Rxf1+ 35. Kxf1 Qf4+ 36. Kg1 Qxe4 37. Qg7+ Ke8 38. Qc7 Qe1+ 39. Kh2 Qe5+ 40. Kg1 Qe3+ 41. Kf1) 32... Kf7 $1 $19 {( -> ...Qd4+)} 33. Qh8 Qd4+ {[%mdl 64] Double Attack. Black mates.} 34. Kh2 Qxe5+ 35. g3 Qh5+ 36. Kg2 Qh3+ 37. Kf2 Qxf1+ 38. Ke3 Qe1+ 39. Kf4 Qf2# {Black used his chance. Accuracy: White = 45%, Black = 41%.} 0-1

[Event "Stay Safe Play From Home 343"]
[Site "Emanuel Lasker Arena"]
[Date "2020.07.30"]
[Round "2"]
[White "Haris kollari 13"]
[Black "Mamba2001de"]
[Result "1-0"]
[WhiteElo "1663"]
[BlackElo "1499"]
[Annotator "NA"]
[PlyCount "79"]
[EventDate "2020.07.30"]
[EventType "swiss (blitz)"]

1. e4 {[%emt 0:00:01]} e6 {[%emt 0:00:01]} 2. Nf3 {[%emt 0:00:00]} d5 {[%emt 0:00:01]} 3. exd5 {[%emt 0:00:01]} exd5 {[%emt 0:00:01]} 4. d4 {[%emt 0:00:00]} Nf6 {[%emt 0:00:00]} 5. c3 {[%emt 0:00:00]} Bd6 {[%emt 0:00:01]} 6. Bd3 {[%emt 0:00:00]} O-O {[%emt 0:00:01]} 7. Bg5 {[%emt 0:00:01]} h6 {[%emt 0:00:01]} 8. Be3 {[%emt 0:00:02]} Bg4 {[%emt 0:00:02]} 9. O-O {[%emt 0:00:01]} Nbd7 {[%emt 0:00:01]} 10. Nbd2 {[%emt 0:00:01]} Re8 {[%emt 0:00:01]} 11. Rc1 {[%emt 0:00:01]} Ne4 {[%emt 0:00:01]} 12. Qc2 {[%emt 0:00:04]} Nxd2 {[%emt 0:00:02]} 13. Nxd2 {[%emt 0:00:02]} Nf6 {[%emt 0:00:02]} 14. Rce1 {[%emt 0:00:01]} c5 {[%emt 0:00:03]} 15. dxc5 {[%emt 0:00:02]} Be5 {[%emt 0:00:03]} 16. Bd4 {[%emt 0:00:02]} Bxd4 {[%emt 0:00:02]} 17. cxd4 {[%emt 0:00:01]} b6 {[%emt 0:00:01]} 18. b4 {[%emt 0:00:02]} Rc8 {[%emt 0:00:02]} 19. a3 {[%emt 0:00:01]} bxc5 {[%emt 0:00:01]} 20. bxc5 {[%emt 0:00:02]} Qa5 {[%emt 0:00:04]} 21. f3 {[%emt 0:00:02]} Be6 {[%emt 0:00:02]} 22. g4 {[%emt 0:00:07]} Qc7 {[%emt 0:00:01]} 23. Bf5 {[%emt 0:00:02]} Qf4 {[%emt 0:00:02]} 24. Bxe6 {[%emt 0:00:02]} Rxe6 {[%emt 0:00:01]} 25. Rxe6 {[%emt 0:00:01]} fxe6 {[%emt 0:00:01]} 26. Qd3 {[%emt 0:00:00]} Nxg4 {[%emt 0:00:03]} 27. fxg4 {[%emt 0:00:02]} Qxg4+ {[%emt 0:00:01]} 28. Kh1 {[%emt 0:00:03]} a5 {[%emt 0:00:03]} 29. Nf3 {[%emt 0:00:01]} Rf8 {[%emt 0:00:02]} 30. Ne5 {[%emt 0:00:02]} Rxf1+ {[%emt 0:00:02]} 31. Qxf1 {[%emt 0:00:02]} Qe4+ {[%emt 0:00:01]} 32. Qg2 {[%emt 0:00:03]} Qxd4 {[%emt 0:00:01]} 33. Nf3 {[%emt 0:00:02]} Qd1+ {[%emt 0:00:01]} 34. Qg1 {[%emt 0:00:01]} Qd3 {[%emt 0:00:01]} 35. Qf2 {[%emt 0:00:01]} Qd1+ {[%emt 0:00:01]} 36. Kg2 {[%emt 0:00:01]} Qd3 {[%emt 0:00:02]} 37. Ne5 {[%emt 0:00:01]} Qf5 {[%emt 0:00:01]} 38. Qxf5 {[%emt 0:00:01]} exf5 {[%emt 0:00:00]} 39. c6 {[%emt 0:00:00]} Kh7 {[%emt 0:00:03]} 40. c7 {[%emt 0:00:00] Zeit (Lag: Av=0.39s, max=0.8s)} 1-0

[Event "Stay Safe Play From Home 343"]
[Site "Emanuel Lasker Arena"]
[Date "2020.07.30"]
[Round "2"]
[White "Psvidyarthi"]
[Black "Lamborghini"]
[Result "0-1"]
[WhiteElo "1620"]
[BlackElo "2264"]
[Annotator "TA"]
[PlyCount "32"]
[EventDate "2020.07.30"]
[EventType "swiss (blitz)"]

{[%evp 9,32,0,66,67,79,73,79,72,79,73,75,30,66,27,36,27,81,51,53,33,42,-6,-5,-17,0]} 1. e4 c5 2. Nf3 d6 3. Bb5+ Bd7 4. Bxd7+ Nxd7 5. d4 e6 (5... cxd4 $11 6. Qxd4 (6. Nxd4 g6 $11) 6... e5) 6. d5 $14 {B52: Sicilian: Moscow Variation with 3...Bd7.} e5 7. c4 Be7 8. O-O {White is better.} Ngf6 9. Nc3 O-O {[#]} 10. Bg5 $146 ({Predecessor:} 10. h3 a6 11. Bd2 Rb8 12. Qe2 Ne8 13. Rab1 f5 14. exf5 Rxf5 15. Ne4 h6 16. b4 {½-½ (45) Da Silva Junior,J (1779)-Marques,E (1959) Salvador 2016}) 10... a6 11. Qd2 Rb8 12. a4 Ne8 (12... h6 $11 {remains equal.} 13. Bxf6 Bxf6) 13. Bxe7 Qxe7 14. Rab1 b6 15. b4 cxb4 16. Rxb4 Nc5 {[%mdl 32768] Accuracy: White = 59%, Black = 77%. . Loss on time!?} 0-1

[Event "Stay Safe Play From Home 343"]
[Site "Emanuel Lasker Arena"]
[Date "2020.07.30"]
[Round "2"]
[White "Trotsky"]
[Black "Hickey"]
[Result "0-1"]
[WhiteElo "1473"]
[BlackElo "2001"]
[Annotator "TA"]
[PlyCount "80"]
[EventDate "2020.07.30"]
[EventType "swiss (blitz)"]

{[%evp 9,80,-9,-2,-27,-13,-20,-5,-93,-68,-79,-63,-95,-67,-310,-322,-370,-369,-405,-427,-440,-416,-1054,-800,-759,-332,-331,-331,-425,-342,-382,-380,-469,-470,-877,-869,-838,-855,-900,-877,-1174,-1106,-1213,-1241,-1114,-1035,-2197,-2137,-29960,-29962,-29956,-12565,-29980,-29980,-29980,-29978,-29977,-29978,-29983,-29984,-29984,-29985,-29985,-29986,-29987,-29986,-29986,-29987,-29987,-29988,-29988,-29988,-29989,-29990]} 1. d4 Nf6 2. e3 e6 3. c4 b6 4. Nc3 Bb7 5. Qc2 Bb4 6. f3 {A45: Trompowsky Attack.} O-O 7. Bd3 c5 {[#]} 8. h4 $146 (8. Nge2 $11 {keeps the balance.}) ({Predecessor:} 8. Nge2 d5 9. a3 Bxc3+ 10. bxc3 dxc4 11. Bxc4 Nc6 12. Qd3 Na5 13. Ba6 Bxa6 14. Qxa6 cxd4 15. cxd4 {½-½ (43) Timerkhanov,A (2263)-Litvinov,M (2392) Samara 2015}) 8... cxd4 9. exd4 Nc6 {Hoping for ...d5.} 10. Be3 d5 $36 {[%mdl 2048] Black fights for an advantage.} 11. Nh3 $2 (11. cxd5 $15 Nxd5 12. Bf2) 11... dxc4 $19 12. Bxc4 Nxd4 13. Bxd4 Qxd4 {[%mdl 64] [#] Double Attack} 14. Bd3 Rac8 15. Ng5 (15. Rd1 $142 g6 16. Qf2 Qe5+ 17. Qe2) 15... Bxc3+ 16. bxc3 Qxc3+ (16... Rxc3 $142 17. Rd1 Rxc2 18. Bxh7+ Nxh7 19. Rxd4 Rxg2) 17. Qxc3 Rxc3 18. Ke2 h6 {White must now prevent ...Rd8.} 19. Ne4 Nxe4 20. fxe4 Rd8 21. Rad1 (21. Bb5 $142) 21... Rcxd3 22. Rxd3 {[%mdl 4096] Endgame KRR-KRB} Ba6 {[%mdl 64] [#] Pin} 23. Rhd1 Rxd3 (23... Bxd3+ $2 24. Rxd3 Rc8 25. Ke3 $19) 24. Rxd3 Bxd3+ 25. Kxd3 {KP-KP} Kf8 26. Kc4 Ke7 27. a4 f5 28. exf5 exf5 29. Kd4 Ke6 30. g3 g5 {Black mates.} 31. hxg5 h5 32. Kc4 a6 33. a5 bxa5 34. g6 Kf6 35. g7 Kxg7 36. Kd5 Kg6 37. Ke5 Kg5 38. Kd4 Kg4 39. Ke3 a4 {[%cal Ba5a4,Ba4a3][%mdl 32]} 40. Kf2 a3 {White got outplayed after the opening. Accuracy: White = 36%, Black = 83%.} 0-1

[Event "Stay Safe Play From Home 343"]
[Site "Emanuel Lasker Arena"]
[Date "2020.07.30"]
[Round "3"]
[White "AChessPlayer"]
[Black "NTBT_DHS"]
[Result "0-1"]
[WhiteElo "2410"]
[BlackElo "2583"]
[Annotator "TA"]
[PlyCount "70"]
[EventDate "2020.07.30"]
[EventType "swiss (blitz)"]

{[%evp 20,69,0,-2,8,8,16,6,9,6,11,0,28,29,46,0,0,0,31,4,15,0,65,0,0,0,0,0,0,-205,-190,-196,-150,-231,-150,-325,-328,-385,-347,-394,-395,-395,-388,-390,-365,-590,-592,-29987,-29988,-29997,-29998,-29999]} 1. Nf3 g6 2. g3 Bg7 3. Bg2 Nf6 4. O-O O-O 5. d3 d6 6. c4 Nc6 7. Nc3 e5 8. Bg5 Be6 9. Rb1 h6 10. Bxf6 Bxf6 11. b4 {[%cal Bb2b4,Bb4b5][%mdl 32]} Qd7 {A26: English Opening vs King's Indian with ...Nc6 and d3.} 12. b5 Ne7 {[#]} 13. a4 $146 ({Predecessor:} 13. Nd2 c6 14. bxc6 bxc6 15. Qa4 Bg7 16. Rb3 Rfb8 17. Rxb8+ Rxb8 18. Rb1 Rxb1+ 19. Ndxb1 {½-½ (41) Gagare,S (2030)-Parnali,S (2219) Backi Petrovac 2016}) 13... Rab8 {The position is equal.} 14. Nd2 Bg7 15. Nd5 Nxd5 16. cxd5 Bh3 17. Nc4 Bxg2 18. Kxg2 b6 19. Qb3 f5 20. e3 e4 (20... Ra8 $11) 21. d4 ({White should try} 21. Rbc1 $14) 21... g5 $11 22. f4 exf3+ 23. Rxf3 f4 24. e4 $2 {[#]} (24. Rbf1 $11) 24... Bxd4 $19 25. Qd3 Bc5 26. Kh1 (26. Nd2 $17) 26... Rbe8 27. e5 $2 {Loses the game.} (27. gxf4 $17 gxf4 28. Nd2) 27... dxe5 {[#] Hoping for ...e4.} 28. Qe4 Qf5 29. Re1 Qxe4 30. Rxe4 g4 31. Rf1 h5 32. gxf4 $2 (32. Rc1) 32... exf4 33. Rexf4 Rxf4 {Black mates.} 34. Rxf4 Re1+ 35. Kg2 Rg1# {Accuracy: White = 43%, Black = 73%.} 0-1

[Event "Stay Safe Play From Home 343"]
[Site "Emanuel Lasker Arena"]
[Date "2020.07.30"]
[Round "3"]
[White "Lamborghini"]
[Black "Stefanone"]
[Result "0-1"]
[WhiteElo "2264"]
[BlackElo "2037"]
[Annotator "TA"]
[PlyCount "56"]
[EventDate "2020.07.30"]
[EventType "swiss (blitz)"]

{[%evp 9,55,43,83,34,89,64,67,60,66,31,73,75,116,110,138,108,163,105,321,312,1110,1105,958,535,672,593,908,929,1659,1670,1643,1615,1932,1573,2204,2202,29992,29993,29993,29979,6429,2795,3052,2518,29997,2423,1968,-29999]} 1. e4 a6 2. Nf3 b5 3. d4 Bb7 4. Nbd2 e6 5. Bd3 Nf6 6. O-O {A40: Unusual replies to 1 d4.} Be7 ({Black should play} 6... d5 $14 7. exd5 Nxd5) 7. c3 {[#]} d5 $146 {[%cal Rd5e4]} ({Predecessor:} 7... d6 8. a4 bxa4 9. Qxa4+ Nbd7 10. Re1 O-O 11. Qc2 h6 12. e5 dxe5 13. dxe5 Nd5 {0-1 (39) Libiszewski,F (2481)-Moussard,J (2605) chess.com INT 2019}) 8. e5 {White is slightly better.} Nfd7 9. a4 bxa4 10. Qxa4 c5 11. dxc5 O-O 12. b4 $36 {[%mdl 2048] Keeping Black busy.} Qc7 (12... Nc6 $16) 13. Re1 (13. Qc2 $18) 13... Bc6 $2 (13... Nc6 $16 {keeps fighting.}) 14. Qc2 $18 f6 $2 (14... g6 15. Nb3 Rc8) 15. Bxh7+ Kh8 16. exf6 Nxf6 17. Bd3 e5 18. Nxe5 Nbd7 19. Ng6+ {[%mdl 64] [#] Double Attack} Kg8 20. Rxe7 Qd8 21. Nf3 Ne4 22. Bxe4 dxe4 23. Qb3+ Kh7 24. Nxf8+ Qxf8 25. Ng5+ {[%mdl 64] Double Attack} Kg6 26. Rf7 Qd8 {[#]} 27. Qe6+ (27. Rxg7+ $142 $1 Kxg7 28. Qf7+ Kh8 29. Qh7#) 27... Nf6 28. Qxc6 $4 {[%mdl 8192]} (28. Rxf6+ $18 Qxf6 29. Qg4) 28... Qd1# {Never resign too early! Accuracy: White = 43%, Black = 16%.} 0-1

[Event "Stay Safe Play From Home 343"]
[Site "Emanuel Lasker Arena"]
[Date "2020.07.30"]
[Round "3"]
[White "TheCHESSHOUSE"]
[Black "Little champs"]
[Result "0-1"]
[WhiteElo "2202"]
[BlackElo "2240"]
[Annotator "TA"]
[PlyCount "108"]
[EventDate "2020.07.30"]
[EventType "swiss (blitz)"]

{[%evp 20,108,0,0,0,0,20,0,85,0,24,0,123,30,36,36,28,-14,29,-5,6,-7,69,34,29,-460,-452,-562,-560,-547,-469,-602,-602,-731,-731,-655,-587,-567,-400,-546,-547,-609,-545,-545,-560,-582,-573,-554,-514,-491,0,-516,-474,-463,-439,-528,-516,-580,-545,-808,-638,-601,-550,-713,0,-499,-486,-583,-572,-599,174,-593,-251,-247,-221,-606,-637,-636,-628,-726,-721,-723,-701,-654,-452,-6095,-538,-508,0,-320,-313]} 1. d4 e6 2. c4 d5 3. g3 Nf6 4. Bg2 Be7 5. Nf3 O-O 6. O-O b6 7. Nbd2 Bb7 8. b3 dxc4 9. bxc4 c5 10. e3 Nbd7 11. Bb2 {[#]} Rc8 $146 {E17: Queen's Indian: 4 g3 Bb7 5 Bg2 Be7.} ({Predecessor:} 11... cxd4 12. exd4 Rc8 13. Rc1 a6 14. Qe2 Bc6 15. Ne5 Bxg2 16. Kxg2 Nxe5 17. dxe5 Nd7 18. Rfd1 Qc7 19. Kg1 Rfd8 20. Nf3 Qb7 21. Nd4 {1-0 (43) Chachia,M (1655)-Navrotescu,A (1910) Batumi 2010}) 12. Qe2 Bd6 13. Rfd1 Qe7 (13... Qc7 $11) 14. Rac1 (14. e4 $1 $16) 14... Rfd8 15. Nb3 e5 (15... cxd4 $11 16. exd4 Bb4) 16. d5 (16. dxe5 $16 Bxf3 17. exd6 Bxe2 18. dxe7) 16... e4 $11 17. Nh4 g6 18. Bh3 Rc7 19. Ng2 Ne5 20. Ne1 a5 (20... Bc8 $11 21. Bxc8 Rcxc8) 21. a4 Bc8 22. Nd2 $2 {[%mdl 8192]} (22. Bxc8 $11 {and White is okay.} Rcxc8 23. Nd2) 22... Bxh3 $19 23. Rb1 Bg4 {[%mdl 64] Skewer} 24. Qf1 h5 25. f3 exf3 26. Ndxf3 Nxf3+ 27. Nxf3 Bxf3 28. Qxf3 Be5 29. Rf1 {intending Bxe5.} Rd6 30. Ba3 Kg7 31. Kg2 Rc8 32. Bc1 Re8 33. e4 Bd4 34. Bf4 Be5 $2 (34... Qxe4 $19 {Threatens to win with ...Qc2+.} 35. Qxe4 Nxe4) 35. Bg5 $2 {[%mdl 8192]} (35. Bc1 $1 $11 Qd7 36. Re1) 35... Qd8 36. Rbe1 Qc7 37. Qe3 Qd7 38. Bh6+ Kg8 39. Qg5 Nh7 40. Qe3 Bd4 41. Qf3 Bg7 $2 (41... Rf6 $19 42. Bf4 Ng5 $1 {[%mdl 576] Pin}) 42. Bf4 $2 {[%mdl 8192]} (42. Bxg7 $11 Kxg7 43. e5) 42... Be5 43. Bxe5 Rxe5 44. h4 Re7 $4 {[%mdl 8192]} (44... Nf6 $19 {and life is good for Black.} 45. Qf4 Qe7) 45. Qf4 $4 {[%mdl 8192]} (45. e5 $18 {was the only winning move.}) 45... Qd8 (45... Rf6 $142 46. Qe3 Rxf1 47. Rxf1 Qxa4) 46. e5 Rdd7 47. e6 $2 (47. g4) 47... fxe6 48. dxe6 Rd6 49. Qe4 Rdxe6 50. Qxe6+ Rxe6 51. Rxe6 Qd2+ 52. Kh3 (52. Rf2 $142 Qd3 53. Re8+ Kg7 54. Re7+ Kh6 55. Rff7 Qc2+ 56. Kh3 Ng5+ 57. hxg5+ Kxg5 58. Rf4) 52... Nf8 53. Ref6 {[#]} Qd8 $2 (53... Qd7+ $1 $19 54. Kg2 Ne6 55. Rxg6+ Ng7) 54. Kh2 $2 {[%mdl 8192]} (54. Rxf8+ $11 {and White stays safe.} Qxf8 55. Rxf8+ Kxf8 56. g4) 54... Nh7 {Accuracy: White = 23%, Black = 48%.} 0-1

[Event "Stay Safe Play From Home 343"]
[Site "Emanuel Lasker Arena"]
[Date "2020.07.30"]
[Round "3"]
[White "Buzaglo"]
[Black "SoulofWolf"]
[Result "1-0"]
[WhiteElo "1851"]
[BlackElo "2067"]
[Annotator "TA"]
[PlyCount "101"]
[EventDate "2020.07.30"]
[EventType "swiss (blitz)"]

{[%evp 10,100,46,34,53,45,56,42,109,77,80,89,135,79,127,132,122,66,66,6,-2,-74,-95,-112,-125,-154,-130,-138,-113,-203,-165,-262,-258,-412,-254,-310,-308,-489,-492,-469,-453,-777,191,202,202,185,206,186,1547,79,160,156,419,-566,281,275,259,56,60,22,28,26,12841,12841,12841,12842,12845,12844,12845,12843,12845,12844,12844,12838,29992,12841,29990,29991,29992,29993,29993,29993,29994,29994,29994,29995,29995,29996,29997,29998,29998,29999,29999]} 1. d4 c5 2. Nf3 Nf6 3. g3 e6 4. Bg2 d5 5. O-O Nbd7 6. c4 b6 {D02: 1 d4 d5 2 Nf3 sidelines, including 2...Nf6 3 g3 and 2...Nf6 3 Bf4.} 7. cxd5 exd5 {[#]} 8. dxc5 $146 ({Predecessor:} 8. Nc3 Bb7 9. Bf4 Be7 10. Nb5 O-O 11. Bc7 Qc8 12. Bd6 Bxd6 13. Nxd6 Qc6 14. Nxb7 Qxb7 {0-1 (79) Hernandez Munoz,A (2185)-Fenollar Jorda,M (2368) Almeria 2015}) 8... bxc5 (8... Bxc5 $14 9. Nc3 Bb7) 9. Nc3 d4 10. Nb5 {aiming for Nfxd4.} a6 {[#]} 11. Na3 ({Better is} 11. Nbxd4 $1 {[%mdl 512] Ng5 is the strong threat.} cxd4 12. Nxd4) 11... Rb8 12. Nc4 Be7 13. Bg5 (13. e3 $16) 13... O-O $14 14. Bxf6 (14. Rc1 $14) 14... Bxf6 $11 15. Nd6 (15. Rc1 $11) 15... Rxb2 $17 16. Nd2 Ne5 17. N2c4 Nxc4 18. Nxc4 Rb8 19. a4 (19. Rb1 $17 Bf5 20. Rxb8 Qxb8 21. Qd2) 19... Bg4 20. Ra3 (20. Be4 {was necessary.}) 20... Re8 $19 21. f3 (21. Bf3 $142 Bh3 22. Re1) 21... Bh5 22. g4 Bg6 23. Nd2 (23. f4 {might work better.} Rb4 24. f5 Rxc4 25. Qd3) 23... d3 24. exd3 Bxd3 25. Re1 (25. Rxd3 $142 Qxd3 26. Ne4 Bd4+ 27. Kh1) 25... Bb2 $4 {[%mdl 8192]} (25... Rxe1+ $19 {avoids the disaster.} 26. Qxe1 c4) 26. Rxe8+ $18 {[%mdl 64] Overworked Piece} Qxe8 27. Rxd3 Bd4+ 28. Kh1 Qxa4 $2 (28... a5 29. Ne4 Qe5) 29. Ne4 $2 (29. Qxa4 $18 {is the precise move to win.} a5 30. f4) 29... Qc6 (29... Qxd1+ $142 30. Rxd1 a5) 30. Qc1 {Strongly threatening Rxd4!} Qd7 $2 (30... Qd5 $16 31. Ra3 Rb2) 31. Qc4 $4 {[%mdl 8192]} (31. Nxc5 $18 Rc8 32. Qd1 (32. Nxd7 Rxc1+ 33. Bf1 Rxf1+ 34. Kg2 Rg1+ 35. Kh3 Bf2 $15)) 31... Rd8 $4 {[%mdl 8192]} (31... Rb1+ $19 32. Bf1 Rxf1+ 33. Kg2 Rg1+ 34. Kh3 h5) 32. Nxc5 {[%mdl 64] Double Attack} Qe7 {( -> ...Qe1+)} 33. Rxd4 $2 (33. Ne4 $18 Be5 34. Rxd8+ Qxd8 35. Qxa6) 33... Qe1+ $14 34. Bf1 Rxd4 35. Qxa6 {Intending Qc8+ and mate.} ({But not} 35. Qxd4 Qxf1+ 36. Qg1 Qxf3+ 37. Qg2 Qd1+ 38. Qg1 Qd5+ 39. Qg2 Qxc5 $17) 35... Qxf1+ $4 {[%mdl 8192]} (35... h5 $11) 36. Qxf1 $18 Rd8 37. Ne4 Rf8 38. Kg2 h6 39. Kg3 Re8 40. h4 Re6 41. f4 f5 {[#]} 42. Qf3 (42. Qc4 $142 $1 Kf8 43. Qxe6 fxe4 44. h5 e3 45. Kf3 e2 46. Kxe2 g5 47. hxg6 Kg7 48. Qf7+ Kh8 49. Qh7#) 42... fxe4 {[%mdl 4096] Endgame [#] KQ-KR} 43. Qb3 $1 {White mates.} e3 44. Qxe6+ Kh7 45. Qxe3 h5 46. Qe4+ g6 47. g5 Kg7 48. f5 Kf7 49. f6 Kf8 50. Qe7+ Kg8 51. Qg7# {What a bad dream for Black. Accuracy: White = 27%, Black = 32%.} 1-0